Atlas agenda común para la paz desde los territorios (Registro nro. 19812)
[ vista simple ]
| 000 -CABECERA | |
|---|---|
| Campo de control | 01758nfm a22003617a 4500 |
| 005 - FECHA Y HORA DE LA ULTIMA TRANSACCION | |
| Campo de control | 20180803170421.0 |
| 008 - ELEMENTOS DE LONGITUD FIJA—INFORMACION GENERAL | |
| Campo de control | 170908e2016 ck ||||| |a|| r0| 0 spa d |
| 040 ## - FUENTE DE CATALOGACIÓN | |
| Agencia catalogadora original | CO-BoIAVH |
| Agencia transcriptora | CO-BoIAVH |
| 041 ## - IDIOMA | |
| Código de idioma para texto/pista de sonido o título separado | Español |
| 044 ## - PAÍS DE PUBLICACIÓN | |
| País de publicación | Colombia |
| 090 ## - CLASIFICACIÓN LOCAL | |
| Colección | MC |
| Consecutivo | 0362 |
| 110 ## - ASIENTO PRINCIPAL--NOMBRE CORPORATIVO | |
| Nombre corporativo o de jurisdicción como elemento de entrada | Observatorio Nacional de Paz |
| 245 1# - MENCION DE TITULO | |
| Título | Atlas agenda común para la paz desde los territorios |
| 260 ## - PUBLICACION, DISTRIBUCION, ETC. (PIE DE IMPRENTA) | |
| Lugar de publicación, distribución, etc. | Bogotá |
| Nombre del editor, distribuidor, etc. | Observatorio Nacional de Paz |
| Fecha de publicación, distribución, etc. | 2016 |
| 300 ## - DESCRIPCION FISICA | |
| Extensión | 11 mapas |
| Otros detalles físicos | color |
| Dimensiones | 67 x 45 cm. |
| 650 14 - ASIENTO SECUNDARIO DE MATERIA - TERMINO TEMATICO | |
| Término temático o nombre geográfico como elemento de entrada | Región Suroccidente |
| Subdivisión de forma | Política minero energética |
| 650 14 - ASIENTO SECUNDARIO DE MATERIA - TERMINO TEMATICO | |
| Término temático o nombre geográfico como elemento de entrada | Región Suroccidente |
| Subdivisión de forma | Áreas protegidas |
| 650 14 - ASIENTO SECUNDARIO DE MATERIA - TERMINO TEMATICO | |
| Término temático o nombre geográfico como elemento de entrada | Región Suroccidente |
| Subdivisión de forma | Páramos |
| 650 14 - ASIENTO SECUNDARIO DE MATERIA - TERMINO TEMATICO | |
| Término temático o nombre geográfico como elemento de entrada | Región Suroccidente |
| Subdivisión de forma | Practicas sociales |
| Subdivisión general | Construcción de paz |
| 650 14 - ASIENTO SECUNDARIO DE MATERIA - TERMINO TEMATICO | |
| Término temático o nombre geográfico como elemento de entrada | Región Centro y Bogotá |
| Subdivisión de forma | Trabajo territorial |
| Subdivisión general | Practicas territoriales |
| 650 14 - ASIENTO SECUNDARIO DE MATERIA - TERMINO TEMATICO | |
| Término temático o nombre geográfico como elemento de entrada | Región Centro y Bogotá |
| Subdivisión de forma | Victimas |
| Subdivisión general | Cierre conflicto armado |
| 650 14 - ASIENTO SECUNDARIO DE MATERIA - TERMINO TEMATICO | |
| Término temático o nombre geográfico como elemento de entrada | Región Eje Cafetero (y Norte del Valle del Cauca) |
| Subdivisión de forma | Practicas populares |
| Subdivisión general | Construcción de paz |
| 650 14 - ASIENTO SECUNDARIO DE MATERIA - TERMINO TEMATICO | |
| Término temático o nombre geográfico como elemento de entrada | Región Eje Cafetero (y Norte del Valle del Cauca) |
| Subdivisión de forma | Política minero energética |
| Subdivisión general | Desarrollo e infraestructura |
| 650 14 - ASIENTO SECUNDARIO DE MATERIA - TERMINO TEMATICO | |
| Término temático o nombre geográfico como elemento de entrada | Región Nororiente |
| Subdivisión de forma | Política minero energética |
| Subdivisión geográfica | Departamento de Santander |
| 650 14 - ASIENTO SECUNDARIO DE MATERIA - TERMINO TEMATICO | |
| Término temático o nombre geográfico como elemento de entrada | Región Nororiente |
| Subdivisión de forma | Política minero energética |
| Subdivisión geográfica | Departamento de norte de Santander |
| 650 14 - ASIENTO SECUNDARIO DE MATERIA - TERMINO TEMATICO | |
| Término temático o nombre geográfico como elemento de entrada | Región Caribe |
| Subdivisión de forma | Títulos mineros |
| Subdivisión general | Hidrocarburos |
| 650 14 - ASIENTO SECUNDARIO DE MATERIA - TERMINO TEMATICO | |
| Término temático o nombre geográfico como elemento de entrada | Región Caribe |
| Subdivisión de forma | Áreas protegidas |
| Subdivisión geográfica | Región Caribe (margen izquierda) |
| 650 14 - ASIENTO SECUNDARIO DE MATERIA - TERMINO TEMATICO | |
| Término temático o nombre geográfico como elemento de entrada | Región Caribe |
| Subdivisión de forma | Áreas protegidas |
| Subdivisión geográfica | Región Caribe (margen derecha) |
| 710 ## - ASIENTO SECUNDARIO - NOMBRE CORPORATIVO | |
| Nombre corporativo o de jurisdicción como elemento de entrada | Oxfam |
| 710 ## - ASIENTO SECUNDARIO - NOMBRE CORPORATIVO | |
| Nombre corporativo o de jurisdicción como elemento de entrada | Planeta paz |
| 710 ## - ASIENTO SECUNDARIO - NOMBRE CORPORATIVO | |
| Nombre corporativo o de jurisdicción como elemento de entrada | Unión Europea |
| 942 ## - ELEMENTOS ADICIONALES (KOHA) | |
| Sistema de clasificación | Local |
| Tipo de ítem | Mapa |
| Withdrawn status | Lost status | Sistema de Clasificación | Damaged status | No para préstamo | Colección | Ubicación Permanente | Ubicación actual | Fecha de adquisición | Total Checkouts | Número topográfico | Inventario / Código de Barras | Date last seen | Ejemplar | Price effective from | Forma de adquisición | Tipo de material |
|---|---|---|---|---|---|---|---|---|---|---|---|---|---|---|---|---|
| Local | Bogotá | Bogotá | 08/09/2017 | MC-0362 | 042853 | 08/09/2017 | Ej. 1 | 08/09/2017 | Donación | Mapa |